000 01005nam a22003371i 4500
999 _c766
_d766
001 019720565
003 UkOxU
005 20191209103447.0
008 131118r20141952enk 000 f eng|d
015 _aGBB3B7467
_2bnb
016 7 _a016588478
_2Uk
020 _a9780007527588 (pbk.) :
035 _a(Uk)016588478
040 _aStDuBDS
_beng
_erda
_cStDuBDS
_dUk
042 _aukblsr
082 _aFIC CHR
100 1 _aChristie, Agatha,
_d1890-1976,
_eauthor.
245 1 0 _aMrs McGinty's dead /
_cby Agatha Christie.
264 1 _aLondon :
_bHarper,
_c2014.
300 _a276 pages ;
_c20 cm.
336 _atext
_2rdacontent
337 _aunmediated
_2rdamedia
338 _avolume
_2rdacarrier
490 0 _aPoirot
500 _aOriginally published: London: Collins, 1952.
500 _aFormerly CIP.
_5Uk
600 1 0 _aPoirot, Hercule
_c(Fictitious character)
_vFiction.
650 0 _aPrivate investigators
_zBelgium
_vFiction.
655 0 _aDetective and mystery stories.
942 _2ddc
_cFIC